000 01850nam1a2200301 i 4500
001 RU\NLR\BIBL_A\011602379
005 20241101224026.0
035 _a(NLR Aleph) 011602379
090 _a10896681
_c10896681
100 _a20180118g20109999um y0rusy50 ca
101 0 _arus
102 _aRU
105 _a||||j||||||||
200 1 _aГаражные автосервисы
_eучебник для ВУЗов
_fП.В. Шарупич, С.В. Шарупич, В.П. Шарупич [и др.]
_gО-во с огранич. ответственностью "Патент", Науч.-исслед. и проект. ин-т по созданию гор. и пром. объектов выращивания, хранения и перераб. плодоовощ. продукции "Градоагроэкопром"
210 _aОрел
_cПатент
_cГрад-РИЦ
_d2010
215 _d20
225 1 _aМеждународное автосервисное образование
606 _aСтанции технического обслуживания автомобилей
_jУчебники для высших учебных заведений
_91043937
_3RU\NLR\AUTH\6684424
606 1 _aАвтомобили
_jУчебники для высших учебных заведений
_xТехническое обслуживание
_xПравовое регулирование
_yРоссийская Федерация
_92353684
_3RU\NLR\AUTH\661406010
686 1 _aО33-082.05-4я73-1
686 1 _aХ623.211.8я73-1
701 1 _aШарупич
_bП. В.
_gПавел Вадимович
701 1 _aШарупич
_bС.В.
_gСергей Вадимович
701 1 _aШарупич
_bВ. П.
_gВадим Павлович
852 _aNLR
_j2018-3/953
942 _cBOOK